Films dont le titre commence par un H (2) - Statistiques

Statistiques générales
  • Ce quiz a été pris 10 fois
  • Le résultat moyen est 9 sur 30
Statistiques - réponses
Année Réalisateur Genre 1 acteur ou
1 actrice
Titre % Correct
2001 C. Columbus Fantastique Daniel Radcliffe Harry Potter à l'école des sorciers
80%
2002 C. Columbus Fantastique Daniel Radcliffe Harry Potter et la chambre des secrets
80%
2004 A. Cuaron Fantastique Daniel Radcliffe Harry Potter et le prisonnier d'Azkaban
80%
2005 M. Newell Fantastique Daniel Radcliffe Harry Potter et la coupe de feu
70%
2009 D. Yates Fantastique Daniel Radcliffe Harry Potter et le prince de sang mêlé
70%
2010 D. Yates Fantastique Daniel Radcliffe Harry Potter et les reliques de la mort
60%
2007 D. Yates Fantastique Daniel Radcliffe Harry Potter et l'Ordre du Phénix
60%
2014 B. Rattner Peplum Dwayne Johnson Hercule
60%
2002 F. Ozon Comédie Daneille Darrieux Huit femmes
60%
2001 R. Scott Thriller Anthony Hopkins Hannibal
40%
2012 G. Ross Action Jennifer Lawrence Hunger Games
40%
2008 G. Van Sant Biographie Sean Penn Harvey Milk
30%
2011 N. Moretti Comédie dramatique Michel Piccoli Habemus Papam
20%
1997 W. Allen Comédie Woody Allen Harry dans tous ses états
20%
2011 P. Serieis Comédie Florence Foresti Hollywoo
20%
2007 R. Zombie Horreur Sid Haig Halloween
10%
1996 J. Szwarc Comédie Christophe Lambert Hercule et Sherlock
10%
1999 E. Valli Aventures Thinle Lhondup Himalaya l'enfance d'un chef
10%
2014 Th. Lilti Comédie dramatique Jacques Gamblin Hippocrate
10%
1996 C. Lelouch Comédie Antoine Duléry Hommes, femmes mode d'emploi
10%
2005 L. Alexander Drame Elijah Wood Hooligans
10%
2006 P. Salvadon Comédie Gad Elmaleh Hors de prix
10%
2003 A. Lee Fantastique Lou Richards Hulk
10%
2019 O. Ducastel Comédie dramatique Manika Auxiré Haut perchés
0%
2018 O. Mebarek Drame Vincent Perez Hayati
0%
2013 E. Reitz Historique Jan Dieter Schneider Heimat
0%
2019 N. Marshall Fantastique David Harbour Hellboy
0%
2016 C. Jimenez Historique Jason Clarke HHhH
0%
2014 B. Lojkine Drame Endurance Newton Hope
0%
1998 F. Ruggieri Policier Jean Yanne Hygiène de l'assassin
0%
Aucun quiz correspondant
Distribution des résultats
% des personnes avec chaque résultat
Percentile par nombre de réponses
Votre historique - résultats
Vous n’avez pas pris ce quiz